00662nam a2200241 a 4500001001300000003000900013005001700022008004100039020001000080082001500090100001700105245001800122260002600140300000900166500003500175505001300210650003500223700001700258902000800275942000700283952011500290999001500405nice12345678IN_TiNIC20260116011525.0050524s1903 leia grp 000 0 ara  ac10000a297.2bVBE aVbeger, A De aKitab Al Qadr aLeiden bBrill c1903 a213p aincludes index and biblioraphy2 aarchives aIslam-Doctrines-Predestination1 aVbeger, A De bSRS cBK 001040708StackRoom-aHMIbHMId2007-07-11g100.00l0o297.2 VBEp01619r2007-07-11v100.00w2005-05-24yBK c2300d2300